[Event "SC: fast games for new members"]
[Site "SchemingMind.com"]
[Date "2006.05.05"]
[Round "-"]
[White "colonia"]
[Black "ben gully"]
[Result "1-0"]
[WhiteCountry "GER"]
[BlackCountry "AUS"]
[WhiteElo "2034"]
[WhiteRD "91"]
[BlackElo "994"]
[BlackRD "134"]
[GameID "49538"]

1. f4 d5 2. b3 g6 3. Bb2 f6 4. Nf3 Bf5 5. e3 Qd7 6. h3 Qc6 7. Nc3 Na6 8. Bb5 O-O-O 9. Bxc6 bxc6 10. Nd4 Nb4
11. a3 Nxc2+ 12. Nxc2 Bxc2 13. Qxc2 d4 14. Na4 dxe3 15. dxe3 e5 16. Qxc6 Rd6 17. Qa8+ Kd7 18. fxe5 Rd3 19. O-O Be7 20. Rac1 Rxb3
21. Qc6+ Kd8 22. e6 Nh6 23. Qd7#
1-0

[Event "SC: fast games for new members"]
[Site "SchemingMind.com"]
[Date "2006.05.05"]
[Round "-"]
[White "colonia"]
[Black "monrae"]
[Result "1-0"]
[WhiteCountry "GER"]
[BlackCountry "PHI"]
[WhiteElo "2034"]
[WhiteRD "91"]
[BlackElo "1766"]
[BlackRD "149"]
[GameID "49539"]

1. e4 e6 2. d4 d5 3. e5 c5 4. c3 Nc6 5. Nf3 Qb6 6. a3 c4 7. Nbd2 Na5 8. b4 cxb3 9. Bb2 Bd7 10. c4 Ne7
11. Rc1 Ba4 12. c5 Qc7 13. Bd3 g6 14. Qe2 Nec6 15. Nb1 Ne7 16. Nc3 Bd7 17. O-O Bg7 18. c6 bxc6 19. Nb5 Qb6 20. Nd6+ Kf8
21. Rc5 Nb7 22. Nxb7 Qxb7 23. Bc3 Nf5 24. Rb1 Kg8 25. Ba6 Qb8 26. g4 Nh6 27. Ba5 Bc8 28. Rxc6 Bxa6 29. Qxa6 Nxg4 30. Bb4 Bf8
31. Rxb3 Qd8 32. Bxf8 Qxf8 33. Rc7 h5 34. Ng5 Nh6 35. Rbc3
1-0

[Event "SC: fast games for new members"]
[Site "SchemingMind.com"]
[Date "2006.05.05"]
[Round "-"]
[White "colonia"]
[Black "mohamed_tahoma"]
[Result "1-0"]
[WhiteCountry "GER"]
[BlackCountry "IRQ"]
[WhiteElo "2034"]
[WhiteRD "91"]
[BlackElo "1497"]
[BlackRD "177"]
[GameID "49540"]

1. f4 d5 2. b3 e6 3. Bb2 Nf6 4. Nf3 b6 5. e3 Bb7 6. Be2 c5 7. O-O Be7 8. Qe1 O-O 9. h3 Nbd7 10. d3 Qc7
11. Ne5 Bd6= 12. Qg3 Kh8= 13. Nd2 Rac8= 14. Ndf3 a6= 15. Ng5 Bxe5 16. fxe5 h6 17. Qh4 Nh7 18. Nxf7+ Kg8 19. Bh5 Nb8 20. Qg4 Qe7
21. Nxh6+
1-0

[Event "SC: fast games for new members"]
[Site "SchemingMind.com"]
[Date "2006.05.05"]
[Round "-"]
[White "colonia"]
[Black "bioniclime"]
[Result "1-0"]
[WhiteCountry "GER"]
[BlackCountry "USA"]
[WhiteElo "1872"]
[WhiteRD "128"]
[BlackElo "1430"]
[BlackRD "206"]
[GameID "49541"]

1. e4 d6 2. d4 Nf6 3. Nc3 g6 4. Bc4 Bg7 5. f3 O-O 6. Be3 c6 7. a4 d5 8. Be2 dxe4 9. fxe4 Qb6 10. e5 Nd5
11. Nxd5 cxd5 12. Qc1 Qb4+ 13. c3 Qb6 14. a5 Qc7 15. Nf3 Bg4 16. O-O Nc6 17. a6 e6 18. Bh6 Bxf3 19. Bxg7 Kxg7 20. Rxf3 Qb6
21. Rh3 Rh8 22. Qf4 Qd8 23. axb7 Rb8 24. Bb5 Rxb7 25. Bxc6 Rxb2 26. Rxa7 Rb1+ 27. Kf2 Rb2+ 28. Ke3 Qg5 29. Qxg5 h5 30. Rg3 h4
31. Qxg6+
1-0

[Event "SC: fast games for new members"]
[Site "SchemingMind.com"]
[Date "2006.05.05"]
[Round "-"]
[White "TheRa7en"]
[Black "colonia"]
[Result "0-1"]
[WhiteCountry "AUS"]
[BlackCountry "GER"]
[WhiteElo "1227"]
[WhiteRD "125"]
[BlackElo "1872"]
[BlackRD "128"]
[GameID "49542"]

1. d4 Nf6 2. e3 b6 3. c4 e6 4. Nc3 Bb7 5. Nf3 Bb4 6. a3 Bxc3+ 7. bxc3 O-O 8. Bd3 Ne4 9. O-O f5 10. Bxe4 fxe4
11. Ne5 d6 12. Ng4 h5 13. Ne5 dxe5 14. dxe5 Qxd1 15. Rxd1 Nc6 16. Rb1 Rad8 17. Re1 Nxe5 18. Rb5 c5 19. a4 Nxc4 20. Rb1 Rd3
21. f4 exf3 22. a5 f2+ 23. Kf1 Bxg2+ 24. Kxg2 fxe1=Q 25. axb6 Qf2+ 26. Kh3 Rf3#
0-1

[Event "SC: fast games for new members"]
[Site "SchemingMind.com"]
[Date "2006.05.05"]
[Round "-"]
[White "Dane"]
[Black "colonia"]
[Result "0-1"]
[WhiteCountry "CRO"]
[BlackCountry "GER"]
[WhiteElo "1569"]
[WhiteRD "181"]
[BlackElo "1872"]
[BlackRD "128"]
[GameID "49543"]

1. e4 c6 2. d4 d5 3. exd5 cxd5 4. Nf3 Nc6 5. Bb5 Bg4 6. O-O e6 7. Be3 Bd6 8. Nbd2 Rc8 9. Qe1 a6 10. Bxc6+ Rxc6
11. c3 Qc7 12. Bg5 f6 13. Bh4 Ne7 14. Bg3 Bxg3 15. fxg3 O-O 16. Nb3 a5 17. a4 e5 18. dxe5 fxe5 19. h3 Bxf3 20. gxf3 Qb6+
21. Kg2 Qxb3 22. Rb1 Re6 23. Qc1 Qxa4 24. Qg5 Qc2+ 25. Kg1 Qf5 26. Qe3 Qxh3 27. Rf2 Qxg3+ 28. Kf1 e4 29. Re1 Ref6 30. Ke2 Rxf3
31. Rxf3 Rxf3 32. Qc5 Qg2+ 33. Kd1 Qxb2 34. Re2 Qb1+
0-1

[Event "SC: fast games for new members"]
[Site "SchemingMind.com"]
[Date "2006.05.05"]
[Round "-"]
[White "ben gully"]
[Black "colonia"]
[Result "0-1"]
[WhiteCountry "AUS"]
[BlackCountry "GER"]
[WhiteElo "1099"]
[WhiteRD "167"]
[BlackElo "1872"]
[BlackRD "128"]
[GameID "49544"]

1. e4 e5 2. Nf3 Nf6 3. Nc3 d6 4. Bc4 Be7 5. O-O Nc6 6. d3 Bg4 7. Nd5 Nd4 8. Nxe7 Qxe7 9. Bg5 h6 10. Bxf6 Qxf6
11. Bd5 Nxf3+ 12. Kh1 Nxh2 13. Qc1 Qh4 14. g3 Qh3 15. f3 Nxf3#
0-1

[Event "SC: fast games for new members"]
[Site "SchemingMind.com"]
[Date "2006.05.10"]
[Round "-"]
[White "monrae"]
[Black "colonia"]
[Result "0-1"]
[WhiteCountry "PHI"]
[BlackCountry "GER"]
[WhiteElo "1766"]
[WhiteRD "149"]
[BlackElo "2034"]
[BlackRD "91"]
[GameID "49545"]

1. c4 c5 2. Nc3 Nc6 3. g3 g6 4. Bg2 Bg7 5. e4 d6 6. Nge2 e6 7. O-O Nge7 8. d3 O-O 9. Be3 Nd4 10. Qd2 Qb6
11. Rab1 a5 12. Bh6 Bd7 13. Bxg7 Kxg7 14. f4 Bc6 15. g4 f5 16. gxf5 gxf5 17. Kh1 Ng6 18. Qe1 Kh8 19. Nxd4 cxd4 20. Ne2 Rf6
21. Qf2 e5 22. fxe5 dxe5 23. Qg3 Rg8 24. Qg5 Bxe4 25. Bxe4 Nf4 26. Nxf4 Rxg5 27. Nd5 Qd6 28. Nxf6 Qxf6 29. Bxb7 Qh6 30. Rbe1 Qh3
0-1

[Event "SC: fast games for new members"]
[Site "SchemingMind.com"]
[Date "2006.05.05"]
[Round "-"]
[White "mohamed_tahoma"]
[Black "colonia"]
[Result "1/2-1/2"]
[WhiteCountry "IRQ"]
[BlackCountry "GER"]
[WhiteElo "1256"]
[WhiteRD "251"]
[BlackElo "1872"]
[BlackRD "128"]
[GameID "49546"]

1. Nf3 c5 2. e4 Nc6 3. Bb5 a6 4. Bxc6 bxc6 5. d3 d5 6. O-O Bg4 7. Nbd2 Nf6 8. Qe2 e6 9. h3 Bh5 10. Qe3 Nd7
11. Nh2 Bd6 12. Ndf3= d4 13. Qg5= Qxg5 14. Bxg5=
1/2-1/2

[Event "SC: fast games for new members"]
[Site "SchemingMind.com"]
[Date "2006.05.05"]
[Round "-"]
[White "bioniclime"]
[Black "colonia"]
[Result "0-1"]
[WhiteCountry "USA"]
[BlackCountry "GER"]
[WhiteElo "1430"]
[WhiteRD "206"]
[BlackElo "1872"]
[BlackRD "128"]
[GameID "49547"]

1. c4 c6 2. Nf3 d5 3. e3 Nf6 4. Nc3 g6 5. d4 Bg7 6. Bd2 O-O 7. a4 Re8 8. b4 Nbd7 9. c5 e5 10. dxe5 Nxe5
11. Nd4 Ne4 12. Be2 Qg5 13. O-O Bh3 14. Bf3 Nxd2 15. g3 Nxf1
0-1